MARC

LEADER 00000nas a2200000 a 4500
001 ssj0000605675
003 WaSeSS
005 20200512172242.0
006 m d
007 cr n
008 980407c19979999xv fx p s 0 0slv
010 |a  98646289  
016 7 |a 012442116  |2 Uk 
022 |l 1408-1652  |y 1408-1652 
035 |a (WaSeSS)ssj0000605675 
040 |a DLC  |b eng  |c DLC  |d OCLCQ  |d UKMGB  |d OCLCO  |d OCLCA  |d OCLCF  |d OCLCO  |d OCLCA  |d WaSeSS 
041 0 |a slv  |b eng 
042 |a pcc 
043 |a e-xv--- 
050 0 0 |a HF5415.12.S57  |b A39 
245 0 0 |a Akademija MM  |h [electronic resource]. 
246 1 7 |a MM akademija 
260 |a V Laškem :  |b MM marketing magazine,  |c 1997- 
310 |a Two no. a year 
362 0 |a 1.- 
500 |a Title from cover. 
506 |a License restrictions may limit access. 
546 |a Text in Slovenian; summaries in English. 
550 |a Issued by: Društvo za marketing. 
650 0 |a Marketing  |z Slovenia  |v Periodicals. 
650 0 |a Advertising  |z Slovenia  |v Periodicals. 
650 7 |a Advertising.  |2 fast  |0 (OCoLC)fst00797511 
650 7 |a Marketing.  |2 fast  |0 (OCoLC)fst01010167 
651 7 |a Slovenia.  |2 fast  |0 (OCoLC)fst01212712 
655 0 |a Electronic journals. 
710 2 |a Društvo za marketing (Slovenia) 
850 |a DLC 
856 4 0 |z Full text available from Research Library: 09/01/2012 to 12/31/2016  |u https://search.proquest.com/publication/1936341 
856 4 0 |z Full text available from Research Library: 01/01/2018 to present  |u https://search.proquest.com/publication/1936341